Noticia de la California y de su conquista temporal y espiritual hasta el tiempo presente : (Record no. 145519)

MARC details
000 -LEADER
campo de control de longitud fija 01269nam a2200277 i 4500
001 - NÚMERO DE CONTROL
campo de control 145519
003 - IDENTIFICADOR DE NÚMERO DE CONTROL
campo de control ES-MaACL
005 - FECHA Y HORA DE LA ÚLTIMA TRANSACCIÓN
campo de control 20251124063455.0
007 - CAMPO FIJO DE DESCRIPCIÓN FÍSICA--INFORMACIÓN GENERAL
campo de control de longitud fija t|
008 - DATOS DE LONGITUD FIJA--INFORMACIÓN GENERAL
campo de control de longitud fija 071015m19431944mx ||||1| spa d
080 ## - NÚMERO DE LA CLASIFICACIÓN DECIMAL UNIVERSAL
Número de la Clasificación Decimal Universal 272-789.5-76(794)"17"
080 ## - NÚMERO DE LA CLASIFICACIÓN DECIMAL UNIVERSAL
Número de la Clasificación Decimal Universal 272-789.5-76(722)"17"
080 ## - NÚMERO DE LA CLASIFICACIÓN DECIMAL UNIVERSAL
Número de la Clasificación Decimal Universal 913(794)(02)"17"
080 ## - NÚMERO DE LA CLASIFICACIÓN DECIMAL UNIVERSAL
Número de la Clasificación Decimal Universal 913(722)(02)"17"
100 1# - ENTRADA PRINCIPAL--NOMBRE DE PERSONA
Nombre de persona Venegas, Miguel,
Fechas asociadas al nombre 1680-1764
9 (RLIN) 174580
245 19 - MENCIÓN DEL TÍTULO
Título Noticia de la California y de su conquista temporal y espiritual hasta el tiempo presente :
Resto del título sacada de la historia manuscrita formada en México, año de 1739 /
Mención de responsabilidad, etc. por el padre Miguel Venegas, de la Compañía de Jesús ; y de otras noticias y relaciones, antiguas y modernas, añadida de algunos mapas...
260 ## - PUBLICACIÓN, DISTRIBUCIÓN, ETC.
Lugar de publicación, distribución, etc. México :
Nombre del editor, distribuidor, etc. Layac,
Fecha de publicación, distribución, etc. 1943-1944.
300 ## - DESCRIPCIÓN FÍSICA
Extensión 3 v. ;
Dimensiones 25 cm.
534 ## - NOTA SOBRE LA VERSIÓN ORIGINAL
Frase introductoria Reprod. de la ed. de:
Publicación, distribución, etc. del original Madrid : Vda. de Manuel Fernández, 1757.
610 24 - PUNTO DE ACCESO ADICIONAL DE MATERIA--NOMBRE DE ENTIDAD CORPORATIVA
Nombre de entidad corporativa o nombre de jurisdicción como elemento de entrada Jesuitas-
Subdivisión general Misiones-
Subdivisión geográfica California (Estados Unidos, Estado)
9 (RLIN) 174581
610 24 - PUNTO DE ACCESO ADICIONAL DE MATERIA--NOMBRE DE ENTIDAD CORPORATIVA
Nombre de entidad corporativa o nombre de jurisdicción como elemento de entrada Jesuitas-
Subdivisión general Misiones-
Subdivisión geográfica Baja California (México, Península)
9 (RLIN) 174582
651 #4 - PUNTO DE ACCESO ADICIONAL DE MATERIA--NOMBRE GEOGRÁFICO
Nombre geográfico California (Estados Unidos, Estado)-
Subdivisión general Descripción.
9 (RLIN) 174583
651 #4 - PUNTO DE ACCESO ADICIONAL DE MATERIA--NOMBRE GEOGRÁFICO
Nombre geográfico Baja California (México, Península)-
Subdivisión general Descripción.
9 (RLIN) 174584
852 4# - LOCALIZACIÓN
Ubicación ES-MaACL
Número de control de estantería F-16179-81
Holdings
Estatus retirado Estado de pérdida Estado de daño No para préstamo Biblioteca de origen Biblioteca actual Ubicación en estantería Fecha de adquisición Fuente de adquisición Total de préstamos Signatura topográfica completa Código de barras Visto por última vez Precio de reemplazo Tipo de ítem Koha
        Biblioteca del Ateneo de Madrid Biblioteca del Ateneo de Madrid Sala Pecera Planta 2 17/01/2008     F-16179-81 1151895 23/02/2023 23/02/2023 Libro impreso